000 00507nam a2200181Ia 4500
005 20250326124042.0
008 250326s9999 xx 000 0 und d
037 _aTextbook
040 _aFMSL
_beng
_cFMSL
041 _aeng
_2eng
084 _aX.44 L5
_qFMSL
100 _aUppal J S
245 0 _aIndia's economic problems: analytical approach
_cUppal J S
260 _aNew Delhi
_bNew Delhi, Tata McGraw-Hill
_c1975
300 _a425p
942 _cTB
_hX.44 L5
999 _c1272061
_d1272061